000 00332nam a22001457a 4500
003 OSt
005 20220217144521.0
008 220217b |||||||| |||| 00| 0 eng d
020 _a0471934186
040 _cHU
082 _a658.57
100 _aDussauge
_930768
245 _aStrategic Technology Managemnet
942 _2ddc
_cBOOKS
_n0
999 _c30707
_d30707